01477cam a22004097a 4500003000500000005001700005008004100022010001000063011001000073020001500083035001000098040000900108082001500117100002500132245012100157260010200278300002000380410001200400490003100412590004100443590004100484590004100525590004200566650003100608650003700639700002300676700002800699700002600727810001900753830003800772901000700810905002300817942001000840949006500850999001700915952013500932CHAP20220329142235.0000316d1997 ii a r 00010 eng d a80412 a81384 a9290663529 a91853 cCHAP04a634.17bS500aSingh, S. D.910663910aScreening techniques and sources of resistance to downy mildew and rust in pearl milletc/by S.D. Singh [and others] aAndhra Pradesh, India :bInternational Crops Research Institute for the Semi-Arid Tropics,c1997. a104 p. :bilus. aICRISAT 0aInformation bulletinv; 48 aBATCH-UPDb10c20130109lUCH01h2334 aBATCH-UPDb10c20130110lUCH01h0447 aBATCH-UPDb10c20130110lUCH01h2211 aCONVERSIONb10c20130109lUCH01h134514aCenicilla del mijo.92096914aMijo perlaxEnfermedades.9756720 aNavi, S. S.9806140 aTalukdar, B. S.91114990 aWilson, J. P.912220400aICRISAT9572720 aInformation bulletinv; 48958099 aBK aLilia Sánchez G. cLIBRO a634.17 S5bBCcLIBROd33724000747267eLIBROh96877i91853si c80412d80412 00102ddc4052708GRALaBCbBCcPP_GRALd2019-12-31fLIBROl0o634.17 S5p33724000747267r2019-12-31 00:00:00w2019-12-31yLIBRO